The Disability Discrimination Act 1995 (Commencement No 11) Order 2005 (Record no. 104211)
[ view plain ]
| 000 -LEADER | |
|---|---|
| fixed length control field | 01075cam a2200217 4500 |
| 001 - CONTROL NUMBER | |
| control field | L129478 |
| 008 - FIXED-LENGTH DATA ELEMENTS--GENERAL INFORMATION | |
| fixed length control field | 110922n2005 000 0 eng u |
| 020 ## - INTERNATIONAL STANDARD BOOK NUMBER | |
| International Standard Book Number | 0110727967 |
| 035 ## - SYSTEM CONTROL NUMBER | |
| System control number | (Sirsi) u129478 |
| 041 ## - LANGUAGE CODE | |
| Language code of text/sound track or separate title | eng |
| 050 ## - LIBRARY OF CONGRESS CALL NUMBER | |
| Classification number | 346.41013 |
| -- | 18 |
| 245 #4 - TITLE STATEMENT | |
| Title | The Disability Discrimination Act 1995 (Commencement No 11) Order 2005 |
| 260 ## - PUBLICATION, DISTRIBUTION, ETC. | |
| Place of publication, distribution, etc. | London |
| Name of publisher, distributor, etc. | HMSO |
| Date of publication, distribution, etc. | 2005 |
| 490 ## - SERIES STATEMENT | |
| Series statement | SI |
| Volume/sequential designation | 2005: 1122 |
| 520 ## - SUMMARY, ETC. | |
| Summary, etc. | Provides for the coming into force of the Disability Discrimination Act 1995 s49. Relates to provisions in the Act about the granting of accessibility certificates and approval certificates in respect of public service vehicles. See explanatory note for full details. |
| 650 ## - SUBJECT ADDED ENTRY--TOPICAL TERM | |
| Topical term or geographic name entry element | DISABILITY DISCRIMINATION ACT 1995 (COMMENCEMENT NO 11) ORDER 2005 |
| 650 ## - SUBJECT ADDED ENTRY--TOPICAL TERM | |
| Topical term or geographic name entry element | DISABILITY DISCRIMINATION ACT 1995 |
| 690 ## - LOCAL SUBJECT ADDED ENTRY--TOPICAL TERM (OCLC, RLIN) | |
| Topical term or geographic name as entry element | MANAGEMENT-BUSINESS MANAGEMENT-DISCRIMINATION-DISABILITY DISCRIMINATION-ACCESSIBILITY |
| 856 ## - ELECTRONIC LOCATION AND ACCESS | |
| Uniform Resource Identifier | <a href="https://www.legislation.gov.uk/uksi/2005/1122/pdfs/uksi_20051122_en.pdf">https://www.legislation.gov.uk/uksi/2005/1122/pdfs/uksi_20051122_en.pdf</a> |
| Public note | View this item free of charge at www.legislation.gov.uk |
| 942 ## - ADDED ENTRY ELEMENTS (KOHA) | |
| Suppress in OPAC | 0 |
| Withdrawn status | Lost status | Source of classification or shelving scheme | Damaged status | Not for loan | Home library | Current library | Shelving location | Date acquired | Total Checkouts | Full call number | Barcode | Date last seen | Copy number | Price effective from | Koha item type |
|---|---|---|---|---|---|---|---|---|---|---|---|---|---|---|---|
| Dewey Decimal Classification | Virtual | Virtual | Online | 21/04/2005 | ONLINE PUBLICATION | 129478-2001 | 06/08/2019 | 1 | 06/08/2019 | Book |